000 00532nam a2200205Ia 4500
003 OSt
005 20240511125231.0
008 210210b2008 xxu||||| |||| 00| 0 eng d
040 _cAL
041 _aKannada
082 _aK894.3 MOGA
100 _aMOGALLI GANESH
_9137848
_dಮೊಗಳ್ಳಿ ಗಣೇಶ್
245 _aAnadi
_bಅನಾದಿ
260 _aChannapattana
_bNot Mentioned
_c2008
300 _a123
650 _aAnadi
_9137849
690 _aKannada Fiction
_9137850
906 _a063922
942 _2ddc
_cBK
999 _c139300
_d139300